000 00649nam a2200229Ia 4500
003 OSt
005 20221028144225.0
008 210716s2009 xx 000 0 und d
020 _a9789350515402
040 _cAIMIT LIBRARY
041 _aeng
082 _a658.1511
_21
_bAROM
100 _aArora, M N.
_960432
245 _aAccounting for management /
_cBy Arora, M N.
250 _a1st ed.
260 _aNew Delhi :
_bResponse Books ,
_c2009.
300 _a23.21 p. ;
650 _aBasics of financial accounting
_960433
650 _aCost accounting
_960434
650 _aManagement accounting
_960435
942 _2ddc
_cBK
_e1
_k658.1511 AROM
999 _c205917
_d205917